000
00382nam a2200169Ia 4500
008
220531s9999 xx 000 0 und d
041
_a
eng
082
_b
DAS
100
_a
Das, Kamala
_9
35656
245
_a
My Story
260
_b
Sterling
_c
1991
300
_a
219
542
_d
14-08-1997
650
_a
English
_9
35657
906
_d
1997-1998
_f
5401
999
_c
21849
_d
21849